Southville International School and Colleges
Your cart is empty.
  • Cart
  • Lists
    Public lists Eva Luna New books Lux_list list_1
    Your lists Log in to create your own lists
  • Log in to your account
  • Your cookies
  • Search history
Southville International School and Colleges
  • Advanced search
  • Recent comments
  • Most popular
  • Libraries

Log in to your account

Log in with GOOGLE


If you do not have an external account, but do have a local account, you can still log in:

  1. Home
  2. MARC view: Maths 2A WORKBOOK part 1:
Normal view MARC view ISBD view

Maths 2A WORKBOOK part 1: (Record no. 104957)

[ view plain ]
MARC details
000 -LEADER
fixed length control field 00666nam a2200181 a 4500
005 - DATE AND TIME OF LATEST TRANSACTION
control field 20140412111332.0
008 - FIXED-LENGTH DATA ELEMENTS--GENERAL INFORMATION
fixed length control field 030325s19uu xx 00 eng d
020 ## - INTERNATIONAL STANDARD BOOK NUMBER
International Standard Book Number 9789810177744
050 ## - LIBRARY OF CONGRESS CALL NUMBER
Classification number TR(GS 372.7
Item number K582 2007
100 ## - MAIN ENTRY--PERSONAL NAME
Personal name Kheong, Dr. Fong Ho
245 ## - TITLE STATEMENT
Title Maths 2A WORKBOOK part 1:
Remainder of title my pals are here! /
Statement of responsibility, etc Dr. Fong Ho Kheong, Chelvi Ramakrishnan, Lau Pui Wah.
250 ## - EDITION STATEMENT
Edition statement 2nd
260 ## - PUBLICATION, DISTRIBUTION, ETC. (IMPRINT)
Place of publication, distribution, etc Malaysia :
Name of publisher, distributor, etc Times Media Private Limited,
Date of publication, distribution, etc 2007.
300 ## - PHYSICAL DESCRIPTION
Extent 96p. ; ill.
500 ## - GENERAL NOTE
General note Contents: Mass--Picture Graphs--Numbers to 40--Multiplication--Division--Time--Numbers to 100--Money 1--Money 2
650 ## - SUBJECT ADDED ENTRY--TOPICAL TERM
Topical term or geographic name as entry element Math--Juvenile literature
Holdings
Withdrawn status Lost status Damaged status Use restrictions Home library Current library Shelving location Date acquired Source of acquisition Total Checkouts Full call number Barcode Date last seen Price effective from Koha item type
        Elizalde Library Elizalde Library Teachers Reference Section 03/25/2003     TR(GS 372.7 K582 2007 E9135 04/12/2014 04/12/2014 Books

Maths 2A WORKBOOK part 1:

APA

Kheong D. F. H., . (2007). Maths 2A WORKBOOK part 1. Malaysia: Times Media Private Limited.

Chicago

Kheong Dr Fong Ho, . 2007. Maths 2A WORKBOOK part 1. Malaysia: Times Media Private Limited.

Harvard

Kheong D. F. H., . (2007). Maths 2A WORKBOOK part 1. Malaysia: Times Media Private Limited.

MLA

Kheong Dr Fong Ho, . Maths 2A WORKBOOK part 1. Malaysia: Times Media Private Limited. 2007.

  • Place hold
  • Print
  • Cite
  • Add to your cart (remove)
  • Save record
    BIBTEX Dublin Core MARCXML MARC (non-Unicode/MARC-8) MARC (Unicode/UTF-8) MARC (Unicode/UTF-8, Standard) MODS (XML) RIS
  • More searches
    Search for this title in:
    Other Libraries (WorldCat) Other Databases (Google Scholar) Online Stores (Bookfinder.com) Open Library (openlibrary.org)

Exporting to Dublin Core...

SOUTHVILLE LIBRARY

Southville International School and Colleges Library

1281 Tropical Ave. Cor. Luxembourg St., BF Homes International, Las Pinas City

Tel. No. 8256374 / 252358 Loc. 117/146

Powered by Koha